00478cam a22001814a 45000010009000000050017000090080041000260100017000670200022000840400018001060410008001240800015001320820019001471000007001661010008001732450049001815040066002301489507320180306075057.0070618r2006 enka bf 001 0 eng  a 2007276595 a0335213030 (pbk.) aDLCcDLCdDLC aeng a300.72 DEN00a300.72 DEN2221 a50 aSOC14aThe good research guide :cMartyn Denscombe. aIncludes bibliographical references (p. [302]-306) and index.